000 00471nam a2200181Ia 4500
003 GCL
008 140319s9999 xx 000 0 eng d
040 _aGCL /
_cGCL
082 0 4 _aCC
_b069.0932
_bT E
100 1 _aTOURIST ADMINISTRATION
245 1 0 _aEGYPTIAN MUSEUM /
_cTOURIST ADMINISTRATION
260 _a[S.N] :
_bTOURIST ADMINISTRATION ،
_c1957
300 _a86 P
650 0 4 _aANCIENT EGYPT
650 0 4 _aCAIRO
650 0 4 _aEGYPT, MUSEUMS
942 _2ddc
_cBK
999 _c13489
_d13489